| 000 | 01345nam0a22003251 4500 | ||
|---|---|---|---|
| 001 | v19\rc\1545482 | ||
| 005 | 20250618201201.0 | ||
| 035 | _a(NLR Aleph) 004690006 | ||
| 090 |
_a3921856 _c3921857 |
||
| 100 | _a20060620d1883 |||y0rusy50 ca | ||
| 101 | 1 |
_arus _cger |
|
| 102 | _aRU | ||
| 105 | _ay z ||||| | ||
| 200 | 1 |
_aРуководство к прописыванию лекарств _fСост. Dr. L. Waldenburg, проф. Ун-та в Берлине и Dr. C. Ed. Simon, аптекарь в Берлине _gПер. с 9-го нем. изд. и изм. сообразно Рос. фармакопеи И.Я. Меерович и Б.О. Соркин |
|
| 210 |
_aСанкт-Петербург _cтип. Н.А. Лебедева _d1883 |
||
| 215 |
_a[4], 908 с. _d22 |
||
| 700 | 1 |
_aВальденбург _bЛ. _f1837-1881 _gЛуи _4220 |
|
| 701 | 1 |
_9z01790 _aСимон _bШ.Э. _gШарль Эдмунд _4220 |
|
| 702 | 1 |
_aМеерович _bИ.Я. _f1854- _gИсай Яковлевич _4730 |
|
| 702 | 1 |
_aСоркин _bБ.О. _4730 |
|
| 790 | 1 |
_9z01701 _aСимон _bК.Э. _gКарл Эдуард |
|
| 801 | 0 |
_aRU _bNLR _gpsbo |
|
| 801 | 0 |
_aRU _bRuMoRGB _2psbo |
|
| 801 | 1 |
_aRU _bProSoft-M _2rusmarc |
|
| 852 |
_aNLR _jМд16/Б-5/7 |
||
| 899 |
_aRuMoRGB _jU 380/115 |
||
| 899 | _aБАН | ||
| 899 | _aНБ МГУ | ||
| 942 | _cBOOK | ||
| 980 | _aNB | ||